[Event "Yerevan op 2nd"]
[Site "Yerevan"]
[Date "2017.09.24"]
[Round "6"]
[White "Nazemi, Pedram"]
[Black "Li, Bo"]
[Result "0-1"]
[WhiteElo "1978"]
[BlackElo "2330"]
[PlyCount "140"]
[EventDate "2017.09.19"]
[EventType "swiss"]
[EventRounds "9"]
[EventCountry "ARM"]
[SourceTitle "CBM 180 Extra"]
[Source "ChessBase"]
[SourceDate "2017.10.06"]
[SourceVersion "1"]
[SourceVersionDate "2017.10.06"]
[SourceQuality "1"]

1. e4 c5 2. Nf3 e6 3. d4 cxd4 4. Nxd4 a6 5. Nc3 Qc7 6. g3 Bb4 7. Nde2 Nf6 8. Bg2 Nc6 9. 0-0 Be7 10. h3 0-0 11. g4 d6 12. Ng3 b5 13. f4 Bb7 14. g5 Nd7 15. f5 Nce5 16. Qh5 g6 17. Qe2 Rfc8 18. Rf2 Qc4 19. Qe1 exf5 20. exf5 Bxg2 21. Kxg2 b4 22. Nce4 d5 23. Nf6+ Nxf6 24. gxf6 Bd6 25. Bf4 Nf3 26. Rxf3 Bxf4 27. c3 Re8 28. Qf1 Be5 29. fxg6 hxg6 30. Re1 Qxf1+ 31. Nxf1 bxc3 32. bxc3 Re6 33. Rd1 Rxf6 34. Re3 Bf4 35. Rf3 Re8 36. Rf2 Re5 37. Rd3 Kg7 38. Kh1 g5 39. Kg2 Kg6 40. Ng3 Rfe6 41. Nf1 f5 42. h4 Rc6 43. hxg5 Kxg5 44. Kf3 Re4 45. Kg2 Kf6 46. Nd2 Ra4 47. Nb3 Be5 48. Nd4 Rcc4 49. Rb2 Bxd4 50. cxd4 Rxd4 51. Rxd4 Rxd4 52. Rb6+ Ke5 53. Rxa6 f4 54. a4 Rd3 55. Kf2 Ra3 56. a5 d4 57. Ra8 Ke4 58. a6 Ra2+ 59. Kf1 Kf3 60. Ke1 Re2+ 61. Kd1 Re7 62. Kd2 Kf2 63. a7 f3 64. Kd3 Rd7 65. Kd2 d3 66. Rf8 Rxa7 67. Kxd3 Rd7+ 68. Ke4 Ke2 69. Kf4 f2 70. Re8+ Kd2 0-1

[Event "Yerevan op 2nd"]
[Site "Yerevan"]
[Date "2017.09.22"]
[Round "4"]
[White "Nazemi, Pedram"]
[Black "Kocharyan, Hayk"]
[Result "1/2-1/2"]
[WhiteElo "1978"]
[BlackElo "1737"]
[PlyCount "105"]
[EventDate "2017.09.19"]
[EventType "swiss"]
[EventRounds "9"]
[EventCountry "ARM"]
[SourceTitle "CBM 180 Extra"]
[Source "ChessBase"]
[SourceDate "2017.10.06"]
[SourceVersion "1"]
[SourceVersionDate "2017.10.06"]
[SourceQuality "1"]

1. e4 c5 2. Nf3 a6 3. c4 Nc6 4. d4 cxd4 5. Nxd4 e6 6. Nc3 d6 7. Be2 Be7 8. Be3 Nf6 9. 0-0 0-0 10. Kh1 Re8 11. f4 Bf8 12. Bf3 Bd7 13. Rc1 Rc8 14. b4 Nxd4 15. Qxd4 e5 16. Qd3 Be6 17. Nd5 Bxd5 18. cxd5 Rxc1 19. Rxc1 exf4 20. Bxf4 Nd7 21. Qe3 f5 22. Qd2 fxe4 23. Bg4 Nf6 24. Be6+ Kh8 25. Bg5 Qe7 26. Rc4 h6 27. Bh4 g5 28. Bg3 Nh5 29. Qe2 Qf6 30. Rxe4 Qa1+ 31. Qe1 Nxg3+ 32. hxg3 Qxe1+ 33. Rxe1 Bg7 34. Rc1 Be5 35. Kh2 Re7 36. Kh3 Bb2 37. Rc8+ Kg7 38. Kg4 Be5 39. Rg8+ Kh7 40. Rc8 Kg7 41. Rg8+ Kh7 42. Rd8 Kg6 43. Rc8 h5+ 44. Kf3 g4+ 45. Ke4 Bxg3 46. Rg8+ Kh7 47. Rg5 Kh6 48. Kf5 Bh4 49. Rg6+ Kh7 50. Bg8+ Kh8 51. Be6 Kh7 52. Bg8+ Kh8 53. Be6 1/2-1/2

[Event "Asian-ch Amateur"]
[Site "Isfahan"]
[Date "2016.11.14"]
[Round "4.3"]
[White "Nazemi, Pedram"]
[Black "Maleki, Amir"]
[Result "1-0"]
[WhiteElo "1972"]
[BlackElo "2078"]
[PlyCount "133"]
[EventDate "2016.11.12"]
[EventType "swiss"]
[EventRounds "9"]
[EventCountry "IRI"]
[SourceTitle "EXT 2024"]
[Source "ChessBase"]
[SourceDate "2023.10.10"]
[SourceVersion "1"]
[SourceVersionDate "2023.10.10"]
[SourceQuality "1"]

1. e4 e6 2. d4 d5 3. Nd2 Nf6 4. e5 Nfd7 5. Bd3 c5 6. c3 Nc6 7. Ngf3 Qb6 8. 0-0 cxd4 9. cxd4 Nxd4 10. Nxd4 Qxd4 11. Nf3 Qb6 12. Qa4 Be7 13. Qg4 g6 14. Rb1 Qb4 15. Qh3 h5 16. Re1 Qg4 17. Qxg4 hxg4 18. Nd4 Rh5 19. Nxe6 Nxe5 20. Bb5+ Bd7 21. Ng7+ Kd8 22. Nxh5 Bxb5 23. Rxe5 gxh5 24. Rxd5+ Bd7 25. Bf4 Ke8 26. Rxh5 Bf6 27. Be5 Ke7 28. Rc1 Bxe5 29. Rxe5+ Kf6 30. Re4 Be6 31. a3 Rd8 32. Re2 Rd3 33. Kf1 b5 34. Ke1 Rd8 35. f4 Rh8 36. Kf2 Rxh2 37. Re5 Bc4 38. Kg3 Rh8 39. Kxg4 Rd8 40. g3 Rd2 41. b3 Be6+ 42. Kf3 Rd3+ 43. Re3 Bg4+ 44. Kf2 Rd2+ 45. Ke1 Ra2 46. Rc6+ Kg7 47. Rc5 Kf6 48. b4 Ra1+ 49. Kd2 Ra2+ 50. Kc1 a6 51. Rc6+ Be6 52. g4 Kg7 53. f5 Bc4 54. g5 Ra1+ 55. Kb2 Ra2+ 56. Kb1 Rg2 57. g6 fxg6 58. Re7+ Kh6 59. Rxg6+ Rxg6 60. fxg6 Kxg6 61. Ra7 Kf5 62. Kb2 Ke5 63. Kc3 Kd5 64. Rxa6 Be2 65. Rg6 Bf1 66. Rg8 Kc6 67. Kd4 1-0

[Event "Yerevan op 1st"]
[Site "Yerevan"]
[Date "2016.10.09"]
[Round "8"]
[White "Basencyan, Mark"]
[Black "Nazemi, Pedram"]
[Result "1-0"]
[WhiteElo "2140"]
[BlackElo "2000"]
[PlyCount "49"]
[EventDate "2016.10.02"]
[EventType "swiss"]
[EventRounds "9"]
[EventCountry "ARM"]
[SourceTitle "EXT 2017"]
[Source "ChessBase"]
[SourceDate "2016.10.25"]
[SourceVersion "1"]
[SourceVersionDate "2016.10.25"]
[SourceQuality "1"]

1. d4 Nf6 2. Nf3 d5 3. c4 e6 4. Nc3 Bb4 5. Bg5 Nbd7 6. e3 c5 7. cxd5 exd5 8. dxc5 Qa5 9. Rc1 Qxa2 10. Qd2 Qa5 11. Bb5 Ne4 12. Qxd5 Nxc3 13. Qe5+ Kf8 14. Bxd7 Na2+ 15. Kf1 Bxd7 16. Qe7+ Kg8 17. Rd1 Be8 18. Rd5 Nc1 19. g4 Nb3 20. Kg2 Bc6 21. Rf5 Rf8 22. Rd1 Nd2 23. e4 Ba4 24. Rxd2 Bxd2 25. Nxd2 1-0

[Event "Arak op 15th"]
[Site "Arak"]
[Date "2016.08.16"]
[Round "8"]
[White "Nazemi, Pedram"]
[Black "Sedaghati, Mehrdad"]
[Result "0-1"]
[WhiteElo "1991"]
[BlackElo "2337"]
[PlyCount "88"]
[EventDate "2016.08.11"]
[EventType "swiss"]
[EventRounds "11"]
[EventCountry "IRI"]
[SourceTitle "CBM 173 Extra"]
[Source "ChessBase"]
[SourceDate "2016.08.29"]
[SourceVersion "1"]
[SourceVersionDate "2016.08.29"]
[SourceQuality "1"]

1. d4 Nf6 2. c4 e6 3. g3 d5 4. Bg2 Be7 5. Nf3 0-0 6. 0-0 dxc4 7. Ne5 c5 8. dxc5 Bxc5 9. Qc2 Qc7 10. Nxc4 Nc6 11. Be3 Nd4 12. Bxd4 Bxd4 13. Rc1 Bd7 14. e3 Bc5 15. Ncd2 Rac8 16. Nb3 b6 17. Nxc5 bxc5 18. Nc3 Bc6 19. Ne4 Bxe4 20. Bxe4 Qe5 21. Bf3 Rfd8 22. Rab1 c4 23. Rd1 g5 24. Bb7 Rxd1+ 25. Rxd1 Rb8 26. Qxc4 Kg7 27. Bf3 Rxb2 28. Kg2 Qxe3 29. Rf1 h5 30. h3 Rd2 31. a4 e5 32. Bc6 h4 33. Kg1 Qa3 34. Bg2 hxg3 35. fxg3 Qxg3 36. Qc6 Nd5 37. Rxf7+ Kxf7 38. Qd7+ Kf6 39. Qd8+ Kf5 40. Qc8+ Kf4 41. Qc4+ Rd4 42. Qf1+ Ke3 43. Qc1+ Ke2 44. Qb2+ Ke1 0-1

[Event "Arak op 15th"]
[Site "Arak"]
[Date "2016.08.16"]
[Round "9"]
[White "Nazemi, Pedram"]
[Black "Shamsi, Mohammadhossein"]
[Result "0-1"]
[WhiteElo "1991"]
[BlackElo "2230"]
[PlyCount "138"]
[EventDate "2016.08.11"]
[EventType "swiss"]
[EventRounds "11"]
[EventCountry "IRI"]
[SourceTitle "CBM 173 Extra"]
[Source "ChessBase"]
[SourceDate "2016.08.29"]
[SourceVersion "1"]
[SourceVersionDate "2016.08.29"]
[SourceQuality "1"]

1. b3 Nf6 2. Bb2 d5 3. Nf3 Nbd7 4. e3 g6 5. c4 c6 6. cxd5 cxd5 7. Nc3 e6 8. Rc1 a6 9. g4 h6 10. Rg1 Bd6 11. h4 Rg8 12. g5 hxg5 13. hxg5 Nh5 14. Bh3 Nf8 15. Na4 Nd7 16. d4 b6 17. Kd2 Bb7 18. Kc2 b5 19. Nc5 Nxc5 20. dxc5 Bxc5 21. Kb1 Rc8 22. Ne5 Qe7 23. Qd3 Rc7 24. Rc2 Bd6 25. Rxc7 Qxc7 26. Rc1 Qb6 27. f4 Ke7 28. Bd4 Qd8 29. Ng4 Kd7 30. Ne5+ Ke7 31. Rc3 Qa8 32. Qc2 Qb8 33. Kb2 b4 34. Rc6 Rc8 35. Rxc8 Qxc8 36. Nxg6+ Ke8 37. Qd3 Ng3 38. Ne5 Ne4 39. Qe2 Ke7 40. Qh5 Qg8 41. g6 fxg6 42. Qh4+ Ke8 43. Bb6 Bxe5+ 44. fxe5 Kd7 45. Qe1 Qh8 46. Qf1 Ng5 47. Qc1 Bc6 48. Bf1 Qxe5+ 49. Bd4 Qh2+ 50. Ka1 Ne4 51. Bxa6 e5 52. Bb2 Kd6 53. a3 bxa3 54. Bxa3+ Kd7 55. Qf1 Nd6 56. Qf6 Qg1+ 57. Bf1 Nf5 58. Qf7+ Kc8 59. Qf8+ Kc7 60. Qf7+ Kb6 61. Bc5+ Kxc5 62. Qf8+ Nd6 63. b4+ Kb6 64. Qd8+ Ka7 65. Qc7+ Nb7 66. Kb2 Qf2+ 67. Kc3 Qxe3+ 68. Kb2 Qf2+ 69. Ka3 Qxf1 0-1

[Event "Arak op 15th"]
[Site "Arak"]
[Date "2016.08.15"]
[Round "7"]
[White "Barzigar Touchahi, Behrang"]
[Black "Nazemi, Pedram"]
[Result "0-1"]
[WhiteElo "2165"]
[BlackElo "1991"]
[PlyCount "72"]
[EventDate "2016.08.11"]
[EventType "swiss"]
[EventRounds "11"]
[EventCountry "IRI"]
[SourceTitle "CBM 173 Extra"]
[Source "ChessBase"]
[SourceDate "2016.08.29"]
[SourceVersion "1"]
[SourceVersionDate "2016.08.29"]
[SourceQuality "1"]

1. d4 Nf6 2. Nf3 d5 3. c4 e6 4. Nc3 Bb4 5. Qa4+ Nc6 6. Ne5 Bd7 7. Nxd7 Qxd7 8. e3 0-0 9. a3 Bxc3+ 10. bxc3 Ne7 11. Qc2 c5 12. cxd5 exd5 13. Bd3 c4 14. Be2 b5 15. f3 Qe6 16. g4 a5 17. g5 Ne8 18. e4 f5 19. gxf6 Nxf6 20. e5 Nh5 21. Be3 Ng6 22. Rg1 Qh3 23. 0-0-0 b4 24. Rg5 bxa3 25. Qa4 Qxh2 26. Rd2 Nhf4 27. Bd1 Nd3+ 28. Kb1 Rab8+ 29. Ka1 Qh3 30. Qxa5 Qe6 31. f4 Ngxf4 32. Bxf4 Nxf4 33. Qc7 Qh6 34. Rg1 Ne6 35. Qe7 Qxd2 36. Qxe6+ Kh8 0-1

[Event "Armen Norouz Cup 1st"]
[Site "Esfahan"]
[Date "2011.03.29"]
[Round "7"]
[White "Dehghani, Hooman"]
[Black "Nazemi, Pedram"]
[Result "0-1"]
[WhiteElo "2008"]
[BlackElo "1905"]
[PlyCount "55"]
[EventDate "2011.03.25"]
[EventType "swiss"]
[EventRounds "9"]
[EventCountry "IRI"]
[SourceTitle "CBM 141 Extra"]
[Source "ChessBase"]
[SourceDate "2011.05.03"]
[SourceVersion "1"]
[SourceVersionDate "2011.05.03"]
[SourceQuality "1"]

1. e4 c5 2. Nf3 d6 3. Bb5+ Nd7 4. c4 Ngf6 5. 0-0 e6 6. Nc3 Be7 7. d3 0-0 8. a3 Qc7 9. Qe2 Rd8 10. Ne1 d5 11. exd5 Nb6 12. dxe6 Bxe6 13. Ne4 a6 14. Bxa6 Rxa6 15. Ng3 Nc8 16. f4 Bd7 17. f5 Bd6 18. Bg5 Bxg3 19. hxg3 Qxg3 20. Bxf6 Rxf6 21. Nf3 Re8 22. Qc2 Rxf5 23. Qb3 Bc6 24. d4 Bxf3 25. Rxf3 Rxf3 26. Qxf3 Qxf3 27. gxf3 cxd4 28. c5 0-1